Stadion zum Fußballvereinswappen Teil 2 - Statistiken

Allgemein
  • Dieses Quiz wurde 49 mal gespielt
  • Das Durchschnittsergebnis liegt bei 9 aus 16
Antwortstatistiken
Bildquiz Antwort % Korrekt
Anfield
100%
Estadio Santiago Bernabeu
83%
Old Trafford
79%
Fritz-Walter-Stadion
74%
Borussia-Park
71%
Emirates Stadium
67%
Olimpico
60%
Celtic Park
50%
Estadio Metropolitano
45%
Stadio Diego Armando Maradona
45%
St. Jakob Park
43%
De Kuip
40%
Estadio do Dragao
38%
Parken
33%
La Bombonera
29%
Mestalla
24%
Keine übereinstimmenden Quizze gefunden
Verteilung der Resultate
Anzahl Personen mit jedem Resultat
Perzentil nach korrekt beantworteten Fragen
Ihre Resultats-Entwicklung
Sie haben dieses Quiz noch nicht gespielt